| 000 | 00545nam a2200241Ia 4500 | ||
|---|---|---|---|
| 008 | 160803s9999 xx 000 0 und d | ||
| 020 | _a9780545692229 | ||
| 100 | _aHays, Tommy | ||
| 245 | _aWhat I came to tell you / | ||
| 245 | _cTommy Hays. | ||
| 260 | _aNew York : | ||
| 260 | _bScholastic Inc. | ||
| 260 | _c2013 | ||
| 300 | _a296 pages ; | ||
| 300 | _c19 cm | ||
| 650 | _aArt -- | ||
| 650 | _aFriendship -- | ||
| 650 | _aGrief -- | ||
| 650 | _xFiction. | ||
| 650 | _xFiction. | ||
| 650 | _xFiction. | ||
| 700 | _a770 | ||
| 999 |
_c299911 _d299911 |
||